| 000 | 01068nam1a22002411i 4500 | ||
|---|---|---|---|
| 001 | rc\2651344 | ||
| 005 | 20240726074658.0 | ||
| 035 | _a(NLR Aleph) 007211130 | ||
| 090 |
_a7669210 _c7669210 |
||
| 100 | _a20110610d1931 |||y0rusy50 ca | ||
| 101 | 0 | _arus | |
| 102 | _aRU | ||
| 105 | _ay z ||||| | ||
| 200 | 1 |
_aВыписка из протокола заседания Бюро Ульяновского РК ВКП(б) № 36 от 7/X 31 г. _eО принципах построения колхозной бригады и о работе ее на производстве |
|
| 210 |
_aУльяновск _cРайкомсоюз _d[1931] _gтип. Средволполиграфтреста |
||
| 215 |
_a10 с. _d15х11 см |
||
| 300 | _aБез тит. л. Описано по обл. | ||
| 601 | 0 | 2 |
_aВКП(б) _bУльяновская районная конференция _d4 _f1930 |
| 710 | 0 | 2 |
_aВКП(б) _bУльяновский районный комитет |
| 801 | 0 |
_aRU _bNLR _gpsbo |
|
| 801 | 1 |
_aRU _bELAR _2rusmarc |
|
| 852 |
_aNLR _j32-8/4764 |
||
| 942 | _cBOOK | ||